[Event "US Open-119"]
[Site "Middleton"]
[Date "2018.08.03"]
[Round "7"]
[White "Do, Vincent"]
[Black "Hungaski, Robert Andrew"]
[Result "0-1"]
[WhiteElo "2037"]
[BlackElo "2526"]
[PlyCount "62"]
[EventDate "2018.07.28"]
[EventType "swiss"]
[EventRounds "9"]
[EventCountry "USA"]
[SourceTitle "CBM 185 Extra"]
[Source "ChessBase"]
[SourceDate "2018.07.29"]
[SourceVersion "1"]
[SourceVersionDate "2018.07.29"]
[SourceQuality "1"]

1. e4 d6 2. d4 Nf6 3. Nc3 e5 4. Nf3 Nbd7 5. Bc4 Be7 6. 0-0 0-0 7. h3 c6 8. a4 a5 9. Be3 exd4 10. Qxd4 Ne8 11. Rad1 Qc7 12. Bf4 Qb6 13. Qxb6 Nxb6 14. Bb3 Be6 15. Rd2 Nc4 16. Bxc4 Bxc4 17. Rfd1 f6 18. Rd4 Be6 19. Nd2 f5 20. e5 d5 21. Nb3 g5 22. Bh2 f4 23. R4d2 Bb4 24. Nd4 Ng7 25. Rd3 Bf7 26. g4 Bg6 27. Rf3 Rae8 28. Re1 Ne6 29. Nxe6 Rxe6 30. Re2 Rfe8 31. Na2 Rxe5 0-1